| 000 | 02144nam a22002657a 4500 | ||
|---|---|---|---|
| 008 | 171104s2017 xxu||||| |||| 00| 0 eng d | ||
| 020 | _a9783037645086 | ||
| 082 | 0 | 4 |
_a709.2 _bE829w |
| 100 | 1 |
_aEstévez, Ruth. _96080 |
|
| 245 | 1 | 4 |
_aThe words of others: León Ferrari and rhetoric in times of war _b _cRuth Estévez, Agustín Díez Fischer y Miguel A. López ; REDCAT CalArts' Downtown Center for Contemporary Arts. |
| 250 | _a1a edición. | ||
| 260 |
_aLos Ángeles, Estados Unidos : _bREDCAT ; JRP, _c2017. |
||
| 300 |
_a288 páginas : _bilustraciones en color. |
||
| 500 | _aCatálogo publicado con motivo a la exposición itinerante "The Words of Others: León Ferrari and Rhetoric in Times of War", presentada: -REDCAT, del 16 de setiembre al 17 de diciembre de 2017 -Pérez Art Museum Miami, del 16 de febrero al 12 de agosto de 2018. | ||
| 505 | 0 |
_tPalabras ajenas: León Ferrrari and rhetoric in times of war / Palabras ajenas: León Ferrari y la retórica en tiempos de guerra _rRuth Estévez. _tStory of a transgression / Historia de una transgresión _rAndrea Giunta. _tA theater of the present / Un teatro del presente _rJosé A. Sánchez. _tAppropriation and blasphemy: the religious mysticism of León Ferrari / Apropiación y blasfemia: a mística religiosa de León Ferrari _rMiguel A. López. _tRewriting the war: palabras ajenas and photojournalism / Reescribir la guerra: palabras ajenas y el fotoperiodismo _rCora Gamarnik. _tLeón Ferrari and Paul VI: a battle of words / León Ferrari y Paulo ViI: una batlla de palabras _rAgustín Díez Fischer. _tBBC, radio, Vietnam: an interview with Leopoldo Maler / BBC, radio, VIetnam: una entrevista con Leopoldo Maler _rRuth Estévez y Miguel A. López. _tOperation: "Pacen in Terris" / Operativo: "Pacem in Terris" _rPedro Asquini. |
|
| 653 | 1 | 0 | _aArte contemporáneo |
| 653 | 1 | 0 | _aCatálogo de exhibición |
| 653 | 1 | 0 | _aExhibiciones itinerantes |
| 653 | 1 | 0 | _aArte - Argentina |
| 653 | 1 | 0 | _aArtes plásticas |
| 653 | 1 | 0 | _aArtista plásticos |
| 653 | 1 | 0 | _aBiografías artísticas |
| 653 | 1 | 0 | _aEnsayos |
| 710 | 1 |
_aREDCAT CalArts' Downtown Center for Contemporary Arts. _96081 |
|
| 999 |
_c1346 _d1346 |
||